Swami Vivekanandan (Record no. 240372)
[ view plain ]
| 000 -LEADER | |
|---|---|
| fixed length control field | 00754nam a22002417a 4500 |
| 005 - DATE AND TIME OF LATEST TRANSACTION | |
| control field | 20250822114331.0 |
| 008 - FIXED-LENGTH DATA ELEMENTS--GENERAL INFORMATION | |
| fixed length control field | 250822b |||||||| |||| 00| 0 eng d |
| 020 ## - INTERNATIONAL STANDARD BOOK NUMBER | |
| International Standard Book Number | 812602686X |
| 040 ## - CATALOGING SOURCE | |
| Transcribing agency | AL |
| 041 ## - LANGUAGE CODE | |
| Language code of text/sound track or separate title | mal |
| 082 ## - DEWEY DECIMAL CLASSIFICATION NUMBER | |
| Classification number | 891.8128 |
| Item number | BOSS |
| 100 ## - MAIN ENTRY--PERSONAL NAME | |
| Personal name | Nemai Sadan Bose |
| 100 ## - MAIN ENTRY--PERSONAL NAME | |
| 9 (RLIN) | 236961 |
| 100 ## - MAIN ENTRY--PERSONAL NAME | |
| Dates associated with a name | നേമായി സഡൻ ബോസ് |
| 9 (RLIN) | 236962 |
| 245 ## - TITLE STATEMENT | |
| Title | Swami Vivekanandan |
| Remainder of title | : സ്വാമി വിവേകാനന്ദൻ |
| 260 ## - PUBLICATION, DISTRIBUTION, ETC. | |
| Place of publication, distribution, etc. | New Delhi |
| Name of publisher, distributor, etc. | Sahitya Akademi |
| Date of publication, distribution, etc. | 2015 |
| 300 ## - PHYSICAL DESCRIPTION | |
| Extent | 177p. |
| Other physical details | PB |
| Dimensions | 21x14cm |
| 650 ## - SUBJECT ADDED ENTRY--TOPICAL TERM | |
| Topical term or geographic name entry element | Malayalam Literature |
| 9 (RLIN) | 236956 |
| 650 ## - SUBJECT ADDED ENTRY--TOPICAL TERM | |
| Topical term or geographic name entry element | Monograph |
| 9 (RLIN) | 236957 |
| 650 ## - SUBJECT ADDED ENTRY--TOPICAL TERM | |
| Topical term or geographic name entry element | Biography |
| 9 (RLIN) | 236958 |
| 700 ## - ADDED ENTRY--PERSONAL NAME | |
| Personal name | Raja, P C C Tr |
| 9 (RLIN) | 236963 |
| 700 ## - ADDED ENTRY--PERSONAL NAME | |
| Personal name | രാജ പി സി സി Tr |
| 9 (RLIN) | 236964 |
| 942 ## - ADDED ENTRY ELEMENTS (KOHA) | |
| Source of classification or shelving scheme | Dewey Decimal Classification |
| Koha item type | Book |
| Withdrawn status | Lost status | Source of classification or shelving scheme | Damaged status | Not for loan | Collection code | Home library | Current library | Shelving location | Date acquired | Source of acquisition | Cost, normal purchase price | Total Checkouts | Full call number | Barcode | Date last seen | Cost, replacement price | Price effective from | Koha item type |
|---|---|---|---|---|---|---|---|---|---|---|---|---|---|---|---|---|---|---|
| Dewey Decimal Classification | Malayalam | St Aloysius Library | St Aloysius Library | Stack Section | 08/21/2025 | Sahitya Akademi, Bangalore-560001 | 70.00 | 891.8128 BOSS | 077795 | 08/22/2025 | 100.00 | 08/14/2025 | Book |